| 000 | 00415nam a22001697a 4500 | ||
|---|---|---|---|
| 999 |
_c11756 _d11756 |
||
| 003 | OSt | ||
| 008 | 230127b ||||| |||| 00| 0 eng d | ||
| 020 | _a9789390394586 | ||
| 082 | _a658.4013 EVB | ||
| 100 | _aEVANS,James R | ||
| 245 | _aBusiness Analytics Methods,Models and Decisions | ||
| 250 | _a3rd Ed | ||
| 260 |
_aUP _bPearson _c2023 |
||
| 300 | _a704 | ||
| 650 | _aBusiness Analytics | ||
| 942 |
_2ddc _cREF |
||